| 000 | 01008cab a2200277 4500 | ||
|---|---|---|---|
| 001 | ABS46514 | ||
| 008 | 090401t1992 xxu||||| |||| 00| 0 eng d | ||
| 035 | _a(Sirsi) u58622 | ||
| 041 | _aeng | ||
| 100 | _aChevin, D. | ||
| 245 | _aCrystal ball glazing | ||
| 260 | _c1992 | ||
| 350 | _a0 | ||
| 490 |
_aBuilding _v257(7748) 5 June 1992, 54-55(2) |
||
| 520 | _aReview of a report by the Energy Technology Support Unit "Fenestration 2000 - Phase II" which suggests ways in which windows can help the energy efficiency of a building. It puts forward several initiatives needed to provide the take of advanced glazing such as tax incentives and energy targets for buildings. | ||
| 650 | _aDOUBLE GLAZING | ||
| 650 | _aELECTROCHROMIC GLASS | ||
| 650 | _aENERGY CONSERVATION | ||
| 650 | _aENERGY EFFICIENCY | ||
| 650 | _aPHOTOCHROMIC GLASS | ||
| 650 | _aSUPERWINDOWS | ||
| 650 | _aTAX INCENTIVES | ||
| 690 | _aBUILDING AND CONSTRUCTION-ENERGY CONSERVATION | ||
| 942 | _n0 | ||
| 948 | _c04/03/1997 | ||
| 999 |
_c35829 _d35829 |
||